|
|
|
|
| LEADER |
00735cam a2200193 7i4500 |
| 001 |
0000006971 |
| 005 |
20170717090000.0 |
| 020 |
|
|
|a 0749408227
|
| 090 |
0 |
0 |
|a LC5800
|b .R44 1993
|
| 245 |
0 |
0 |
|a Reforming open and distance education :
|b critical reflections from practice
|c edited by Terry Evans and Daryl Nation.
|
| 260 |
|
|
|a London:
|b Kogan Page,
|c 1993.
|
| 300 |
|
|
|a 240 p.:
|b ill.;
|c 24 cm.
|
| 650 |
0 |
0 |
|a Distance education --
|x Aims and objectives
|
| 650 |
0 |
0 |
|a University extension --
|x Aims and objectives
|
| 700 |
1 |
|
|a Nation, Daryl
|
| 700 |
1 |
|
|a Evans, Terry
|
| 997 |
|
|
|a Centre for Graduate Studies
|
| 997 |
|
|
|a Education & Social Sciences, Faculty
|b Education, Department
|
| 999 |
|
|
|a 0000002419
|b BOK
|c OPEN SHELF
|e 1st Floor, Shah Alam
|